000 01075nam a2200349 i 4500
001 bgj
100 1 _aAUSTEN, Jane
_d(1775-1817).
245 1 0 _aSense and Sensibility /
_cJane Austen ; edited by James Kinsley and Claire Lamont.
250 _a[Repr.].
260 _aOxford :
_bOxford University Press,
_c1989.
300 _aXXX, 343 pp ;
_c19 cm.
490 1 _aThe World's Classics
500 _aReprint to the 1st World's Classics pbk edition of 1980.
504 _aBibliography p. XXV-XXVII.
505 _aIncludes introduction, note on the text, a chronology of the author.
650 9 _aInheritance and succession
650 9 _aSocial classes
650 9 _aYoung women
650 9 _aSisters
650 9 _aDomestic fiction
650 9 _aLove stories
655 _aFiction
700 1 _aKINSLEY, James.
_eed.
700 1 _aLAMONT, Claire.
_eed.
830 _aThe World's Classics
020 _a0192815016 (pbk)
040 _cBPK
041 0 _aeng
920 _a0-19-281501-6 (pbk)
942 _cKS
008 s uk f |000 0 eng
999 _c49305
_d49305